000 00276nam a2200121Ia 4500
008 190216s9999||||xx |||||||||||||| ||und||
100 _aNull
245 0 _aHindi-Pad Bhasha Vithan Thatha Sahithya
260 _bCurrent Books
300 _a198
650 _aHindi
942 _cBK
999 _c15694
_d15694